Sports Quiz

Random Sports or NHL Quiz

Winnipeg Jets 2019-20 NHL Lines Quiz Stats

 Plays Quiz not verified by Sporcle

Support Sporcle.
Go Orange.
Score 0/20 Timer 03:00
0 Plays Today
Position Player % Correct
RW1Blake Wheeler
97.8%
RW2Patrik Laine
97.3%
C1Mark Scheifele
96.8%
LW1Kyle Connor
93.5%
G1Connor Hellebuyck
91.4%
LW2Nikolaj Ehlers
88.7%
LD1Josh Morrissey
83.9%
RD2Neal Pionk
75.3%
C3Adam Lowry
68.3%
G2Laurent Brossoit
64%
Position Player % Correct
RW3Jack Roslovic
63.4%
LW3Andrew Copp
57.5%
C2Cody Eakin
55.9%
LW4Mathieu Perreault
53.2%
RD1Dylan Demelo
50.5%
LD2Dmitry Kulikov
47.3%
RW4Mason Appleton
45.2%
RD3Tucker Poolman
44.1%
LD3Nathan Beaulieu
39.2%
C4Nicholas Shore
27.4%

You're not logged in!

Compare scores with friends on all Sporcle quizzes.
OR
Log In

From the Vault

Country by Fascinating Road

by NO_r_WAY

Fascinating? Yes. Terrifying? Also yes.
Remove Ads.
Support Sporcle.
Get the best of Sporcle when you Go Orange. This ad-free experience offers more features, more stats, and more fun while also helping to support Sporcle. Thank you for becoming a member.

Show Comments

Extras

Top Quizzes Today


Score Distribution

Your Account Isn't Verified!

In order to create a playlist on Sporcle, you need to verify the email address you used during registration. Go to your Sporcle Settings to finish the process.

Report this User

Report this user for behavior that violates our Community Guidelines.

Details: